01515nam a2200361 4500001000400000003000400004005001700008008004100025040000800066041001300074082001700087100003800104240002800142245008700170260003300257300001100290490001600301520042000317650002700737650002600764650001700790650001900807650003400826650002000860650001400880655001600894655002000910700004000930830002100970942001500991952013401006999001301140130OSt20250528074012.0250128b |||||||g |||| 00| 1 eng d bpor hengapor a823bC555cor1 aChristie, Agatha,d1890-19769268 athe body in the library aUm corpo na biblioteca /cChristie, Agatha ; Tradução de Edilson Alkmin Cunha aRio de JaneirobRecordc1987 a199 p.1 aMiss Marple a"- Você quer dizer - perguntou o Coronel Bantry - que há um cadáver na minha biblioteca... na MINHA biblioteca?" Como o corpo de uma moça desconhecida fora parar na biblioteca dos Bantry? E por que teria ela sido assassinada? Miss Jane Marple, ligando acontecimentos triviais da aldeia com problemas mais graves, desvenda esse terrível mistério e responde a essas aparentemente insolúveis perguntas. 0aLiteratura Inglesa989 0aRomance Policial 911 0aSuspense910 0aMistério942 0aCrime e Investigação 913 0aClássicos977 0aFilme926 0aRomance923 0aFicção 922 aEdilson Alkmin CunhaeTradutor9279 aMiss Marple9276 2ddcn0cBK 00102ddc40708FICaBIBIBbBIBIBcLEd2013-09-11edoaçãol0o823 / C555corp2025-14744r2025-01-28 07:35:28w2025-01-28yBK c130d130